Learning Resource and Development

Fuzzing against the machine : (Record no. 30471)

MARC details
000 -LEADER
fixed length control field 04376nam a2200313 i 4500
003 - CONTROL NUMBER IDENTIFIER
control field CSPC
005 - DATE AND TIME OF LATEST TRANSACTION
control field 20250910155532.0
008 - FIXED-LENGTH DATA ELEMENTS--GENERAL INFORMATION
fixed length control field 250910s2023 -uk 001 0 eng d
020 ## - INTERNATIONAL STANDARD BOOK NUMBER
International Standard Book Number 9781804614976
040 ## - CATALOGING SOURCE
Transcribing agency CSPC
Original cataloging agency CSPC
Language of cataloging eng
Description conventions rda
050 04 - LIBRARY OF CONGRESS CALL NUMBER
Classification number QA248.5
Item number .N377 2023
082 04 - DEWEY DECIMAL CLASSIFICATION NUMBER
Classification number 005.8
Item number N163f
100 1# - MAIN ENTRY--PERSONAL NAME
Personal name Nappa, Antonio,
Relator term author.
245 10 - TITLE STATEMENT
Title Fuzzing against the machine :
Remainder of title automate vulnerability research with emulated IoT devices on QEMU /
Statement of responsibility, etc. Antonio Nappa and Eduardo Blázquez.
250 ## - EDITION STATEMENT
Edition statement 1st edition.
264 #1 - PRODUCTION, PUBLICATION, DISTRIBUTION, MANUFACTURE, AND COPYRIGHT NOTICE
Place of production, publication, distribution, manufacture Birmingham, UK :
Name of producer, publisher, distributor, manufacturer Packt Publishing,
Date of production, publication, distribution, manufacture, or copyright notice 2023.
300 ## - PHYSICAL DESCRIPTION
Extent xx, 217 pages :
Other physical details illustrations ;
Dimensions 24 cm.
336 ## - CONTENT TYPE
Source rdacontent
Content type term text
337 ## - MEDIA TYPE
Source rdamedia
Media type term unmediated
338 ## - CARRIER TYPE
Source rdacarrier
Carrier type term volume
500 ## - GENERAL NOTE
General note Includes index.
505 0# - FORMATTED CONTENTS NOTE
Formatted contents note Part 1: Foundations -- Who this book is for -- History of emulation -- QEMU from the ground -- Part 2: Emulation and fuzzing -- QEMU execution modes and fuzzing -- A famous refrain: AFL + QEMU = CVEs -- Modifying QEMU for basic instrumentation -- Part 3: Advanced concepts -- Real-life case study: Samsung exynos baseband -- Case study: OpenWrt Full-system fuzzing -- Case study: OpenWrt system fuzzing for ARM -- Finally here: iOS full systems fuzzing -- Deus ex machina: fuzzing android libraries.
520 ## - SUMMARY, ETC.
Summary, etc. "Find security flaws in any architecture effectively through emulation and fuzzing with QEMU and AFL Purchase of the print or Kindle book includes a free PDF eBook Key Features Understand the vulnerability landscape and useful tools such as QEMU and AFL Explore use cases to find vulnerabilities and execute unknown firmware Create your own firmware emulation and fuzzing environment to discover vulnerabilities Book Description Emulation and fuzzing are among the many techniques that can be used to improve cybersecurity; however, utilizing these efficiently can be tricky. Fuzzing Against the Machine is your hands-on guide to understanding how these powerful tools and techniques work. Using a variety of real-world use cases and practical examples, this book helps you grasp the fundamental concepts of fuzzing and emulation along with advanced vulnerability research, providing you with the tools and skills needed to find security flaws in your software. The book begins by introducing you to two open source fuzzer engines: QEMU, which allows you to run software for whatever architecture you can think of, and American fuzzy lop (AFL) and its improved version AFL++. You'll learn to combine these powerful tools to create your own emulation and fuzzing environment and then use it to discover vulnerabilities in various systems, such as iOS, Android, and Samsung's Mobile Baseband software, Shannon. After reading the introductions and setting up your environment, you'll be able to dive into whichever chapter you want, although the topics gradually become more advanced as the book progresses. By the end of this book, you'll have gained the skills, knowledge, and practice required to find flaws in any firmware by emulating and fuzzing it with QEMU and several fuzzing engines. What you will learn Understand the difference between emulation and virtualization Discover the importance of emulation and fuzzing in cybersecurity Get to grips with fuzzing an entire operating system Discover how to inject a fuzzer into proprietary firmware Know the difference between static and dynamic fuzzing Look into combining QEMU with AFL and AFL++ Explore Fuzz peripherals such as modems Find out how to identify vulnerabilities in OpenWrt Who this book is for This book is for security researchers, security professionals, embedded firmware engineers, and embedded software professionals. Learners interested in emulation, as well as software engineers interested in vulnerability research and exploitation, software testing, and embedded software development will also find it useful. The book assumes basic knowledge of programming (C and Python); operating systems (Linux and macOS); and the use of Linux shell, compilation, and debugging."
650 #0 - SUBJECT ADDED ENTRY--TOPICAL TERM
Topical term or geographic name entry element Internet of things
Form subdivision Security measures
General subdivision Research
-- Methodology.
650 #0 - SUBJECT ADDED ENTRY--TOPICAL TERM
Topical term or geographic name entry element Fuzzy algorithms.
700 1# - ADDED ENTRY--PERSONAL NAME
Personal name Blázquez, Eduardo,
Relator term author.
942 ## - ADDED ENTRY ELEMENTS (KOHA)
Source of classification or shelving scheme Dewey Decimal Classification
Suppress in OPAC No
Koha item type Books
Classification part 005.8
Item part N163f
Call number prefix GRD
Call number suffix 2023
Holdings
Withdrawn status Lost status Source of classification or shelving scheme Damaged status Not for loan Home library Current library Shelving location Date acquired Total Checkouts Full call number Barcode Date last seen Copy number Price effective from Koha item type
    Dewey Decimal Classification     Main Library Main Library Graduate School Library 09/10/2025   GRD 005.8 N163f 2023 030203 09/10/2025 1-2 09/10/2025 Books
    Dewey Decimal Classification     Main Library Main Library Graduate School Library 09/10/2025   GRD 005.8 N163f 2023 030204 09/10/2025 2-2 09/10/2025 Books